000 00744cam a2200193 i 4500
005 20260122122253.0
008 250721s2018 ua gr 000 0 ara d
020 _a9789777612647
082 1 4 _a342.085
_bن س ي
100 1 _aالنسي، طارق عمير مبارك
_eمؤلف.
245 1 2 _aالمعايير الدولية لحق التظاهر والتجمع السلمي /
_cدكتور طارق عمير مبارك النسي.
250 _aالطبعة الاولى.
264 3 1 _aالقاهرة :
_bالمركز القومي للإصدارات القانونية،
_c2018.
300 _a701 صفحة.
650 1 7 _aالقانون.
650 1 7 _aحقوق الانسان.
942 _2ddc
_cBK
999 _c141087
_d141087